Francia y los franceses en Chile: 1700-1980
Guardat en:
| Autor principal: | |
|---|---|
| Format: | Llibre |
| Idioma: | espanyol |
| Publicat: |
Santiago
Hachette
1987
|
| Col·lecció: | Colección Histo-Hachette
|
| Matèries: | |
| Etiquetes: |
Afegir etiqueta
Sense etiquetes, Sigues el primer a etiquetar aquest registre!
|
MARC
| LEADER | 00000nam a2200000 a 4500 | ||
|---|---|---|---|
| 001 | UCW8730 | ||
| 003 | CL-VaPUC | ||
| 008 | 881026e19870000CL |||||||||||||||||spa|d | ||
| 082 | 0 | 4 | |a 983.00441 |b BLA |2 21 |
| 100 | 0 | |a Blancpain, Jean-Pierre |e author |9 313960 | |
| 245 | 1 | 0 | |a Francia y los franceses en Chile: 1700-1980 |
| 300 | |a 355 p | ||
| 942 | |c BK | ||
| 945 | |d 19881026 00:00:00 | ||
| 260 | |a Santiago |b Hachette |c 1987 | ||
| 500 | |a Prólogo de René Charó | ||
| 650 | 7 | |a FRANCESES SIGLOS 18-20 |2 CL-VaPUC |9 313961 | |
| 651 | 7 | |a CHILE |2 CL-VaPUC |9 313962 | |
| 583 | |a last modification |c 19881026 00:00:00 |k Rodrigo Vera | ||
| 490 | 0 | |a Colección Histo-Hachette | |
| 999 | |c 221014 |d 221012 | ||
| 952 | |0 0 |1 0 |4 0 |6 983_004410000000000_BLA_1987 |7 0 |8 A |9 213904 |a BIBHIS |b BIBHIS |d 2019-11-15 |i 2822679 |l 1 |m 11 |o 983.00441 BLA 1987 |p 2822679 |r 2025-01-20 |s 2022-01-03 |w 2019-11-15 |y BK |k HIS | ||